One Worded Movies - The Last 40 Years - Statistics

General Stats
  • This quiz has been taken 19 times
  • The average score is 11 of 41
Answer Stats
Picture Answer % Correct
Scream (2022)
88%
Cruella (2021)
71%
Juno (2007)
65%
Twisters (2024)
53%
GoldenEye (1995)
47%
Us (2019)
47%
Backdraft (1991)
41%
Cliffhanger (1993)
41%
Election (1999)
41%
Elemental (2023)
41%
Ransom (1996)
41%
Witness (1985)
41%
Mermaids (1990)
35%
Roxanne (1987)
35%
Warcraft (2016)
35%
Willow (1988)
35%
Valkyrie (2008)
29%
Ballerina (2025)
24%
Collateral (2004)
24%
Contact (1997)
24%
Noah (2014)
24%
Swordfish (2001)
24%
Timecop (1994)
24%
Contagion (2011)
18%
Insomnia (2002)
18%
Munich (2005)
18%
Sneakers (1992)
18%
Super (2010)
18%
Blockers (2018)
12%
Southpaw (2015)
12%
Basic (2003)
6%
Clockwise (1986)
6%
Crank (2006)
6%
Detroit (2017)
6%
Fallen (1998)
6%
Filth (2013)
6%
Freaky (2020)
6%
Frequency (2000)
6%
Leviathan (1989)
6%
Push (2009)
6%
Savages (2012)
6%
No matching quizzes found
Score Distribution
Percent of People with Each Score
Percentile by Number Answered
Your Score History
You have not taken this quiz